| Tag |
First Indicator |
Second Indicator |
Subfields |
| LEADER |
00000cgm a2200000Ia 4500 |
| 001 |
in00002271921 |
| 005 |
20151105100259.0 |
| 007 |
vd cvaizk |
| 008 |
050823p20052004enk074 vlita d |
| 019 |
|
|
|a 61193695
|
| 024 |
1 |
|
|a 809478009184
|
| 028 |
4 |
2 |
|a OA 0918 D
|b Opus Arte
|
| 029 |
1 |
|
|a NZ1
|b 10647935
|
| 035 |
|
|
|a (OCoLC)ocm61326535
|
| 037 |
|
|
|b Midwest Tapes
|n http://www.midwesttapes.com
|
| 040 |
|
|
|a CIN
|c CIN
|d RCS
|d TEFMT
|d TXA
|d UtOrBLW
|
| 041 |
1 |
|
|a ita
|j eng
|j fre
|j ger
|j spa
|g eng
|g fre
|g ger
|
| 049 |
|
|
|a TXAM
|
| 050 |
1 |
4 |
|a M1500.P82
|b G53 2005
|
| 090 |
|
|
|a M1500.P89
|b G53 2005
|
| 240 |
1 |
0 |
|a Trittico.
|p Gianni Schicchi
|
| 245 |
0 |
0 |
|a Gianni Schicchi /
|c music by Giacomo Puccini ; libretto by Giovacchino Forzano ; producer, Andy King-Dabbs ; television director, Francesca Kemp ; stage director, Annabel Arden ; Glyndebourne Festival Opera ; a BBC/NHK/Glyndebourne co-production.
|
| 264 |
|
1 |
|a Waldron, Heathfield, East Sussex :
|b Opus Arte,
|c [2005]
|
| 264 |
|
4 |
|c ©2005
|
| 300 |
|
|
|a 1 videodisc (74 min.) :
|b sound, color ;
|c 4 3/4 in. +
|e program notes.
|
| 336 |
|
|
|a two-dimensional moving image
|b tdi
|2 rdacontent
|
| 337 |
|
|
|a video
|b v
|2 rdamedia
|
| 338 |
|
|
|a videodisc
|b vd
|2 rdacarrier
|
| 538 |
|
|
|a DVD-9; all regions; DTS 5.1, LPCM stereo.
|
| 546 |
|
|
|a Sung in Italian with English, French, German, Spanish or Italian subtitles.
|
| 511 |
0 |
|
|a Alessandro Corbelli (Gianni Schicchi), Felicity Palmer (Zita), Marie McLaughlin (La Ciesca), Riccardo Novaro (Marco), Massimo Giordano (Rinuccio), Sally Matthews (Lauretta) ; London Philharmonic Orchestra ; Vladimir Jurowski, conductor.
|
| 508 |
|
|
|a Costume designer, Nicky Gillibrand ; editor, Steve Eveleigh.
|
| 518 |
|
|
|a Recorded in performance July 11, 2004, Glyndebourne Opera House.
|
| 500 |
|
|
|a Opera in 1 act.
|
| 500 |
|
|
|a Program notes in English, French, and German.
|
| 500 |
|
|
|a Widescreen presentation.
|
| 500 |
|
|
|a Aspect ratio 16:9.
|
| 520 |
|
|
|a In this new production, filmed live at the Glyndebourne Opera House, Alessandro Corbelli takes the title role in Annabel Arden's whirlwind production of Puccini's compact opera.
|
| 500 |
|
|
|a Special features include: interviews; synopsis; The miserly knight; cast gallery.
|
| 500 |
|
|
|a Videorecording.
|
| 650 |
|
0 |
|a Operas.
|
| 655 |
|
7 |
|a Music
|v Performance
|v Videodisc.
|2 migfg
|
| 655 |
|
7 |
|a Filmed operas.
|2 lcgft
|
| 700 |
1 |
|
|a Puccini, Giacomo,
|d 1858-1924.
|
| 700 |
1 |
|
|a Forzano, Giovacchino.
|
| 700 |
1 |
|
|a Arden, Annabel.
|
| 700 |
1 |
|
|a King-Dabbs, Andy.
|
| 700 |
1 |
|
|a Kemp, Francesca.
|
| 700 |
1 |
|
|a Corbelli, Alessandro.
|
| 700 |
1 |
|
|a Palmer, Felicity.
|
| 700 |
1 |
|
|a McLaughlin, Marie,
|d 1954-
|
| 700 |
1 |
|
|a Novaro, Riccardo.
|
| 700 |
1 |
|
|a Giordano, Massimo.
|
| 700 |
1 |
|
|a Matthews, Sally,
|d 1975-
|
| 700 |
1 |
|
|a Jurowski, Vladimir,
|d 1972-
|
| 710 |
2 |
|
|a British Broadcasting Corporation.
|
| 710 |
2 |
|
|a Nihon Hōsō Kyōkai.
|
| 710 |
2 |
|
|a Glyndebourne Festival Opera Company.
|
| 710 |
2 |
|
|a London Philharmonic Orchestra.
|
| 710 |
2 |
|
|a Opus Arte (Firm)
|
| 711 |
2 |
|
|a Glyndebourne Festival Opera.
|
| 994 |
|
|
|a C0
|b TXA
|
| 948 |
|
|
|a cataloged
|b h
|c 2007/8/22
|d c
|e aklinger
|f 12:02:40 pm
|
| 999 |
|
|
|a MARS
|
| 999 |
f |
f |
|s a133b6cb-0825-319f-9209-651491afe643
|i 3a6be27d-074c-371d-a306-1c059ada7bdf
|t 0
|
| 952 |
f |
f |
|p ric
|a Texas A&M University
|b Rellis Campus
|c Joint Library Facility
|d Remote Storage
|t 0
|e M1500.P89 G53 2005
|h Library of Congress classification
|i video -- videodisc
|m A14836363946
|
| 998 |
f |
f |
|a M1500.P89 G53 2005
|t 0
|l Remote Storage
|